Relationship between GDP and Energy Consumption: Sur Approach

Analýza vzťahu medzi HDP a spotrebou energie.

Guardado en:
Detalles Bibliográficos
Autor principal: Tkáč, Michal, ml., 1984-
Otros Autores: Remiáš, Peter
Formato: Capítulo de libro
Lenguaje:inglés
Materias:
Etiquetas: Agregar Etiqueta
Sin Etiquetas, Sea el primero en etiquetar este registro!

MARC

LEADER 00000naa a2200000 4500
001 0228139
005 20240502073745.7
041 0 |a eng 
044 |a SK 
245 1 0 |a Relationship between GDP and Energy Consumption: Sur Approach  |c Michal Tkáč ml., Peter Remiáš 
520 |a Analýza vzťahu medzi HDP a spotrebou energie. 
610 2 0 |a zdroje energetické 
610 2 0 |a zdroje energie 
610 2 0 |a zdroje energie alternatívne 
610 2 0 |a produkt domáci hrubý 
610 2 0 |a štúdie prípadové 
610 2 0 |a spotreba energie 
610 2 0 |a analýza regresná 
100 1 |a Tkáč, Michal, ml., 1984- 
700 1 |a Remiáš, Peter